000 00408nam a2200169Ia 4500
003 GCL
008 140319s9999 xx 000 0 eng d
040 _aGCL /
_cGCL
082 0 4 _a643.7
_bT P
100 1 _aTIME LIFE BOOKS
245 1 0 _aPAIMT AND WALLPAPER /
_cTIME LIFE BOOKS
260 _a[S.N] :
_bTIME LIFE BOOKS
300 _a128 P
650 0 4 _aPACKAGING
650 0 4 _aWALL PAPER
942 _2ddc
_cBK
999 _c17510
_d17510